000 00434nam a2200181Ia 4500
001 2654
005 20260306144823.0
008 260306t2000||||xx |||||||||||||| ||spa||
041 _aESP
082 _a200.97309034
_bW12
100 _aWacker, Grant
_eAUT
245 0 _aReligion in nineteenth century América
260 _c2000
300 _a188 páginas :
_c24 cm.
650 _aGEN
654 _aCHU
942 _cLIB
_dJUS
_fJUS
_2ddc
_n
999 _c2654
_d2654